00917pab a2200145 454500008004000000100001500040245004800055260000900103300001500112362001200127520053900139650002900678650002000707773004400727180718b2004 xxu||||| |||| 00| 0 eng d aJafa, V.S. aThe reform process and financial management c2004 ap.596-603. aJul-Sep aResults of the first generation of reforms which were ushered in 1991 are for everybody to see. The national economy is progressing on robust fundamentals. But to keep this progress steady and sustain the gains of the last decade, important changes in the administrative procedures and mindset are urgently called for. Sound economic policies need that suitable and forward looking policy framework is regularly evolved and an alert and committed implementation machinery delivers the goods and services with efficiency. - Reproduced. aFinancial administration aEconomic reform aIndian Journal of Public Administration